MARC details
| 000 -CABECERA |
| campo de control de longitud fija |
02060nam a2200361 i 4500 |
| 001 - NÚMERO DE CONTROL |
| campo de control |
000045445 |
| 003 - IDENTIFICADOR DEL NÚMERO DE CONTROL |
| campo de control |
DO-SdBNP |
| 005 - FECHA Y HORA DE LA ÚLTIMA TRANSACCIÓN |
| campo de control |
20251218105755.0 |
| 007 - CAMPO FIJO DE DESCRIPCIÓN FÍSICA--INFORMACIÓN GENERAL |
| campo de control de longitud fija |
ta |
| 008 - DATOS DE LONGITUD FIJA--INFORMACIÓN GENERAL |
| campo de control de longitud fija |
150325e2014 dr ac gr 001 pdspa d |
| 020 ## - NÚMERO INTERNACIONAL ESTÁNDAR DEL LIBRO |
| Número Internacional Estándar del Libro |
9789945588071 |
| 040 ## - FUENTE DE LA CATALOGACIÓN |
| Centro catalogador/agencia de origen |
DO-SdBNP |
| Lengua de catalogación |
spa |
| Centro/agencia transcriptor |
BNPHU |
| Normas de descripción |
rda |
| 041 ## - CÓDIGO DE LENGUA |
| Código de lengua del texto/banda sonora o título independiente |
spa |
| 082 #4 - NÚMERO DE LA CLASIFICACIÓN DECIMAL DEWEY |
| Número de clasificación |
781.620097293 |
| Número de documento/Ítem |
T266ch |
| Número de edición |
22 |
| 100 1# - ENTRADA PRINCIPAL--NOMBRE DE PERSONA |
| Nombre de persona |
Tejeda Ortiz, Dagoberto, |
| Fechas asociadas al nombre |
1940- |
| Término indicativo de función/relación |
autor |
| Código de función/relación |
aut. |
| 9 (RLIN) |
1575 |
| 245 10 - MENCIÓN DE TÍTULO |
| Título |
Chuines, boleros y sarandunga en Baní / |
| Mención de responsabilidad, etc. |
Juan Dagoberto Tejeda Ortiz. |
| 264 #4 - PRODUCCIÓN, PUBLICACIÓN, DISTRIBUCIÓN, FABRICACIÓN Y COPYRIGHT |
| Producción, publicación, distribución, fabricación y copyright |
Santo Domingo : |
| Nombre del de productor, editor, distribuidor, fabricante |
Ediciones Rumbo Sur |
| -- |
Ministerio de Cultura, |
| Fecha de producción, publicación, distribución, fabricación o copyright |
©2014. |
| 300 ## - DESCRIPCIÓN FÍSICA |
| Extensión |
95 páginas : |
| Otras características físicas |
ilustraciones, retratos ; |
| Dimensiones |
23 cm. |
| 336 ## - TIPO DE CONTENIDO |
| Término de tipo de contenido |
texto |
| Código de tipo de contenido |
txt |
| Fuente |
rdacontent |
| 337 ## - TIPO DE MEDIO |
| Nombre/término del tipo de medio |
sin mediación |
| Código del tipo de medio |
n |
| Fuente |
rdamedia |
| 338 ## - TIPO DE SOPORTE |
| Nombre/término del tipo de soporte |
volumen |
| Código del tipo de soporte |
nc |
| Fuente |
rdacarrier |
| 500 ## - NOTA GENERAL |
| Nota general |
Incluye datos biográficos del autor en la solapa de la cubierta. |
| 500 ## - NOTA GENERAL |
| Nota general |
Incluye bibliografía al final de los capítulos |
| 500 ## - NOTA GENERAL |
| Nota general |
Incluye referencias bibliográficas y notas al pie de las páginas. |
| 505 0# - NOTA DE CONTENIDO CON FORMATO |
| Nota de contenido con formato |
Presentación -- Los chuines, creatividad popular e identidad -- Baní, cultura e identidad -- Baní, entre décimas y chuines -- Las décimas y los chuines en la comunidades campesina de Baní -- Los chuines de Cañafistol -- Bibliografía -- Agustín Lara: boleros, romanticismo e identidad -- Las canciones y boleros de Agustín -- San Juan Bautista: Cimarronaje e identidad en la sarandunga de Baní -- Religión, historia y realidad -- Esclavitud y cimarronaje en la isla de Santo Domingo -- San Juan Bautista, el cimarronaje y la sarandunga -- San Juan Bautista, sarandunga e identidad -- |
| 590 ## - NOTA LOCAL (RLIN) |
| Nota local |
Inventariado 2024 / MF |
| 600 10 - PUNTO DE ACCESO ADICIONAL DE MATERIA--NOMBRE DE PERSONA |
| Nombre de persona |
Lara, Agustín, |
| Fechas asociadas al nombre |
1897-1970 |
| Subdivisión general |
Crítica e interpretación |
| 9 (RLIN) |
83057 |
| 650 #4 - PUNTO DE ACCESO ADICIONAL DE MATERIA--TÉRMINO DE MATERIA |
| Término de materia o nombre geográfico como elemento de entrada |
Música folklórica |
| Subdivisión geográfica |
República Dominicana |
| -- |
Baní |
| Subdivisión general |
Historia y Crítica |
| 9 (RLIN) |
26118 |
| 650 #4 - PUNTO DE ACCESO ADICIONAL DE MATERIA--TÉRMINO DE MATERIA |
| Término de materia o nombre geográfico como elemento de entrada |
Negros |
| Subdivisión geográfica |
República Dominicana |
| -- |
Baní |
| Subdivisión general |
Música |
| 9 (RLIN) |
24618 |
| 651 #4 - PUNTO DE ACCESO ADICIONAL DE MATERIA--NOMBRE GEOGRÁFICO |
| Nombre geográfico |
Baní (República Dominicana) |
| Subdivisión general |
Vida social y costumbres |
| -- |
Historia y crítica |
| 9 (RLIN) |
9256 |
| 910 ## - DATOS DE OPCIÓN DEL USUARIO (OCLC) |
| Datos de opción del usuario |
Validado. Control de calidad MFF |
| 942 ## - ELEMENTOS DE PUNTO DE ACCESO ADICIONAL (KOHA) |
| Fuente del sistema de clasificación o colocación |
Dewey Decimal Classification |
| Tipo de ítem Koha |
Libro |